000 00426nam a2200157Ia 4500
003 Ost
005 20260225132540.0
008 260225s9999||||xx |||||||||||||| ||und||
040 _cfsic
041 _afre
082 _a355
100 _aAndrew cockburn/Patrick cockburn
_eAuteur
245 0 _aL'énigme.Saddam enquete explosive au coeur du systeme irakien /
245 0 _cAndrew cockburn/Patrick cockburn
942 _cكتاب
999 _c33488
_d33488